[Event "FRA T.IV"]
[Site "Toulouse"]
[Date "2005.??.??"]
[Round "4"]
[White "Attal"]
[Black "Lacan, Maxime"]
[Result "1-0"]
[WhiteElo "1840"]
[BlackElo "1680"]
[PlyCount "79"]
[EventDate "2005.??.??"]
[EventType "team-match"]
[EventCountry "FRA"]

1. c4 Nf6 2. g3 g6 3. Bg2 Bg7 4. Nf3 O-O 5. O-O d6 6. d4 Nbd7 7. Nc3 e5 8. d5
Re8 9. e4 Nc5 10. Re1 Kh8 11. b4 Ncd7 12. Ba3 a5 13. Ng5 Kg8 14. bxa5 Rxa5 15.
Bb4 Ra8 16. Na4 Nh5 17. Nf3 Nf8 18. Nc3 f5 19. exf5 Bxf5 20. Nh4 Bd7 21. Ne4
Ba4 22. Qd2 Nd7 23. Nc3 Nb6 24. Nxa4 Rxa4 25. Rac1 Bf6 26. Nf3 e4 27. Nd4 Bxd4
28. Bxd6 Bxf2+ 29. Qxf2 Qxd6 30. c5 Qxd5 31. cxb6 cxb6 32. Red1 Qxa2 33. Qxb6
e3 34. Bd5+ Qxd5 35. Rxd5 e2 36. Rd8 Rae4 37. Rxe8+ Rxe8 38. Qb3+ Kh8 39. Re1
Re7 40. Qd3 1-0

[Event "FRA T.IV"]
[Site "Toulouse"]
[Date "2005.01.09"]
[Round "4"]
[White "Bricard, Herve"]
[Black "Lanllier, Bruno"]
[Result "1-0"]
[WhiteElo "2129"]
[BlackElo "2060"]
[PlyCount "133"]
[EventDate "2005.??.??"]
[EventType "team-match"]
[EventCountry "FRA"]

1. g3 g6 2. Bg2 Bg7 3. e4 e5 4. Nf3 Nc6 5. O-O Nf6 6. d4 Nxd4 7. Nxd4 exd4 8.
e5 Ng8 9. Re1 Ne7 10. Bg5 O-O 11. Qxd4 Nc6 12. Qh4 f6 13. Bd5+ Kh8 14. exf6
Bxf6 15. Re8 Bxg5 16. Rxd8 Bxd8 17. Qa4 b5 18. Qe4 Bf6 19. c3 Bb7 20. Nd2 Rae8
21. Qg2 Re2 22. Rd1 Bg7 23. Bf3 Re7 24. a3 Bh6 25. Nb3 Ref7 26. Bd5 Rxf2 27.
Qxf2 Rxf2 28. Kxf2 Bf8 29. Kg2 a5 30. Rf1 Bd6 31. Nd2 b4 32. Ne4 Ba6 33. c4
bxa3 34. Nxd6 cxd6 35. bxa3 Ne5 36. Rf4 Kg7 37. h4 h6 38. Re4 Kf6 39. g4 h5 40.
Rf4+ Kg7 41. g5 Ng4 42. Rf7+ Kh8 43. Rf8+ Kh7 44. Ra8 Bxc4 45. Bxc4 Ne3+ 46.
Kf2 Nxc4 47. a4 d5 48. Ra7 Kg8 49. Rxd7 Nb6 50. Rd6 Nxa4 51. Rxg6+ Kf7 52. Ra6
Nc3 53. Rxa5 d4 54. Kf3 Ke6 55. g6 Kf6 56. Rg5 d3 57. Rg2 Kg7 58. Kf4 Nd5+ 59.
Kg5 Nf6 60. Kf5 Nd5 61. Ra2 Ne7+ 62. Kg5 Nc6 63. Rd2 Ne5 64. Kf5 Nf3 65. Rxd3
Nxh4+ 66. Kg5 Ng2 67. Rd7+ 1-0

[Event "FRA T.IV"]
[Site "Toulouse"]
[Date "2005.01.09"]
[Round "4"]
[White "Bruzzone, Georges"]
[Black "Riviere, Frederic"]
[Result "1/2-1/2"]
[WhiteElo "2020"]
[BlackElo "1870"]
[PlyCount "35"]
[EventDate "2005.??.??"]
[EventType "team-match"]
[EventCountry "FRA"]

1. e4 c5 2. Nf3 Nc6 3. d4 cxd4 4. Nxd4 Nf6 5. Nc3 d6 6. Bc4 g6 7. h3 Bg7 8. Be3
O-O 9. Bb3 Bd7 10. O-O Rc8 11. Qe2 Nxe4 12. Nxc6 Nxc3 13. Nxe7+ Qxe7 14. bxc3
Bxc3 15. Rad1 a6 16. Bc4 b5 17. Bb3 Rfd8 18. Qf3 1/2-1/2

[Event "FRA T.IV"]
[Site "Toulouse"]
[Date "2005.01.09"]
[Round "4"]
[White "Calatrava, Julien"]
[Black "Mesples, Jean Marc"]
[Result "0-1"]
[WhiteElo "1740"]
[BlackElo "2060"]
[PlyCount "52"]
[EventDate "2005.??.??"]
[EventType "team-match"]
[EventCountry "FRA"]

1. e4 e5 2. Nf3 Nc6 3. Bb5 a6 4. Ba4 Nf6 5. O-O Be7 6. Re1 b5 7. Bb3 O-O 8. c3
d5 9. exd5 Nxd5 10. d4 exd4 11. Nxd4 Nxd4 12. Qxd4 c6 13. Nd2 Bd6 14. Ne4 Re8
15. Bg5 Be7 16. Bc2 Bb7 17. Bxe7 Qxe7 18. Qd3 g6 19. Ng3 Qxe1+ 20. Rxe1 Rxe1+
21. Nf1 Nf4 22. Qd1 Rxd1 23. Bxd1 c5 24. Ne3 Rd8 25. f3 Rd2 26. Bc2 Re2 0-1

[Event "FRA T.IV"]
[Site "Toulouse"]
[Date "2005.01.09"]
[Round "4"]
[White "Condeminas, Christian"]
[Black "Evrard, Emmanuel"]
[Result "1-0"]
[WhiteElo "1750"]
[BlackElo "1670"]
[PlyCount "57"]
[EventDate "2005.??.??"]
[EventType "team-match"]
[EventCountry "FRA"]

1. e4 e5 2. Nf3 Nc6 3. d4 exd4 4. Bc4 Bc5 5. O-O Nf6 6. e5 d5 7. exf6 dxc4 8.
Re1+ Be6 9. Ng5 Qxf6 10. Nxe6 fxe6 11. Qh5+ Qf7 12. Qxc5 O-O-O 13. Qxc4 Rd5 14.
Nd2 Rf8 15. f3 Kd7 16. Ne4 Ne5 17. Qb3 Qg6 18. Kh1 b5 19. a4 Nc4 20. axb5 Nb6
21. Qb4 Rff5 22. c4 Rde5 23. b3 Rh5 24. Bf4 Ref5 25. Bxc7 Nc8 26. Rxa7 Nxa7 27.
Qd6+ Ke8 28. Qd8+ Kf7 29. Nd6# 1-0

[Event "FRA T.IV"]
[Site "Toulouse"]
[Date "2005.??.??"]
[Round "4"]
[White "Dauris, Jean Marc"]
[Black "Ardisson, Edouard"]
[Result "0-1"]
[WhiteElo "2060"]
[BlackElo "2004"]
[PlyCount "78"]
[EventDate "2005.??.??"]
[EventType "team-match"]
[EventCountry "FRA"]

1. e4 e6 2. d4 d5 3. Nd2 Nf6 4. e5 Nfd7 5. Bd3 c5 6. c3 Nc6 7. Ne2 Qb6 8. Nf3
cxd4 9. cxd4 f6 10. exf6 Nxf6 11. O-O Bd6 12. a3 O-O 13. b4 Kh8 14. Bb2 Qd8 15.
Ng3 Ng4 16. b5 Ne7 17. Ne5 Nh6 18. Qe2 Bd7 19. Rae1 Be8 20. Nf3 Qc7 21. Ng5 Bd7
22. Nxh7 Rfe8 23. Ng5 Nef5 24. Qh5 Bf4 25. Nxf5 exf5 26. Nf7+ Kh7 27. g3 Bd2
28. Nxh6 Bxh6 29. Bxf5+ Kh8 30. Qg6 Kg8 31. Rxe8+ Bxe8 32. Be6+ Kf8 33. Qf5+
Ke7 34. Re1 Kd8 35. Bxd5 Qd6 36. Bg2 Kc7 37. d5 Bd7 38. Qe4 Bxb5 39. Be5 Rd8
0-1

[Event "FRA T.IV"]
[Site "Toulouse"]
[Date "2005.01.09"]
[Round "4"]
[White "Daval, Christophe"]
[Black "De Baralle, Michel"]
[Result "1/2-1/2"]
[WhiteElo "1700"]
[BlackElo "1540"]
[PlyCount "60"]
[EventDate "2005.??.??"]
[EventType "team-match"]
[EventCountry "FRA"]

1. e4 c5 2. Nc3 Nc6 3. f4 d6 4. Nf3 Nf6 5. Bb5 Bd7 6. O-O g6 7. e5 dxe5 8. fxe5
Ng4 9. Qe2 Bg7 10. Qe4 Ngxe5 11. Nxe5 Nxe5 12. Qxb7 Bxb5 13. Qxb5+ Nd7 14. d3
O-O 15. Qc4 Rb8 16. Rb1 Rb4 17. Qa6 Bxc3 18. Bg5 Bg7 19. Rbe1 Nf6 20. Qxa7 Re8
21. b3 Nd7 22. Qa6 Nf6 23. Qa7 Rb8 24. Re2 Rc8 25. Be3 Qc7 26. Qa4 Ra8 27. Qc4
Rec8 28. Bf4 Qd7 29. Be3 Qc6 30. a4 Rab8 1/2-1/2

[Event "FRA T.IV"]
[Site "Toulouse"]
[Date "2005.??.??"]
[Round "4"]
[White "Estellon"]
[Black "Nazeri, Ghafour"]
[Result "1-0"]
[WhiteElo "1530"]
[BlackElo "1690"]
[PlyCount "61"]
[EventDate "2005.??.??"]
[EventType "team-match"]
[EventCountry "FRA"]

1. d4 d6 2. Nf3 Nf6 3. Bf4 g6 4. h3 Bg7 5. e3 O-O 6. c3 Bf5 7. Bd3 Be4 8. Bxe4
Nxe4 9. Nbd2 Nf6 10. O-O Nbd7 11. Qc2 c5 12. Rfe1 Rc8 13. Qb3 Nb6 14. dxc5 Rxc5
15. Ng5 Qd7 16. Nge4 Rb5 17. Nxf6+ Bxf6 18. Qc2 d5 19. Rad1 e5 20. a4 Rc5 21.
Ne4 Qxa4 22. Nxf6+ Kg7 23. Qxa4 Nxa4 24. Nd7 Rfc8 25. Nxc5 Rxc5 26. Bxe5+ f6
27. Bd4 Rc7 28. Rb1 g5 29. Bxa7 b5 30. Bb8 Re7 31. Bd6 1-0

[Event "FRA T.IV"]
[Site "Toulouse"]
[Date "2005.01.09"]
[Round "4"]
[White "Fabre, Philippe"]
[Black "Thamier, Stephan"]
[Result "0-1"]
[WhiteElo "1740"]
[BlackElo "1890"]
[PlyCount "108"]
[EventDate "2005.??.??"]
[EventType "team-match"]
[EventCountry "FRA"]

1. e4 e5 2. Nf3 Nc6 3. Bb5 d6 4. d4 exd4 5. Qxd4 Bd7 6. Bxc6 Bxc6 7. Nc3 Qf6 8.
Qd3 Qg6 9. O-O Nf6 10. Re1 O-O-O 11. Nd4 Bd7 12. Bd2 Be7 13. a4 Ng4 14. Nd5 Bf6
15. f4 Qh5 16. h3 Nh6 17. Ba5 Bxd4+ 18. Qxd4 b6 19. Qc4 Qxd5 20. Qxd5 Be6 21.
Qd4 bxa5 22. Qxa7 Kd7 23. Qxa5 Ra8 24. Qb5+ Ke7 25. Qd3 Rhb8 26. b3 g6 27. g4
Ra5 28. g5 Ng8 29. f5 Bd7 30. Rad1 Re5 31. f6+ Kf8 32. h4 h6 33. Qe3 Rbe8 34.
Qf4 R8e6 35. Kf2 Bc6 36. c4 Bxe4 37. Kg3 c6 38. a5 Rf5 39. Qxe4 Rxe4 40. Rxe4
hxg5 41. Rxd6 Nxf6 42. Rd8+ Kg7 43. Red4 Rxa5 44. hxg5 Rxg5+ 45. Kf3 Rh5 46.
Rb8 g5 47. Rb6 g4+ 48. Kg2 Rh3 49. b4 Rb3 50. Rd6 Ne4 51. Rdxc6 Rb2+ 52. Kf1 g3
53. b5 Rf2+ 54. Kg1 Ng5 0-1

[Event "FRA T.IV"]
[Site "Toulouse"]
[Date "2005.01.09"]
[Round "4"]
[White "Golic, Nadil"]
[Black "Rauzieres, Guy"]
[Result "1-0"]
[WhiteElo "1900"]
[BlackElo "1780"]
[PlyCount "93"]
[EventDate "2005.??.??"]
[EventType "team-match"]
[EventCountry "FRA"]

1. d4 Nf6 2. c4 e6 3. Nf3 b6 4. Nc3 Bb4 5. Bg5 Bb7 6. e3 h6 7. Bh4 g5 8. Bg3
Ne4 9. Qc2 Nxg3 10. hxg3 Qf6 11. Nd2 Nc6 12. Be2 Ne7 13. Bf3 Bxc3 14. Qxc3 d5
15. cxd5 Nxd5 16. Bxd5 Bxd5 17. e4 Bb7 18. Qxc7 Qe7 19. Rc1 Rd8 20. Qxe7+ Kxe7
21. Rc7+ Rd7 22. Rxd7+ Kxd7 23. f3 Ke7 24. Ke2 Kf6 25. Kd3 Kg6 26. Rc1 Rc8 27.
Rxc8 Bxc8 28. g4 h5 29. gxh5+ Kxh5 30. Nc4 Kg6 31. b4 b5 32. Nd6 Bd7 33. d5 e5
34. g3 Kf6 35. Nb7 Bc8 36. Nd6 Bd7 37. Nb7 Bc8 38. Nc5 Ke7 39. f4 f6 40. f5 Kd6
41. a3 a5 42. Ke3 Bxf5 43. exf5 Kxd5 44. Nd7 axb4 45. axb4 Kc4 46. Nxf6 Kxb4
47. Nd5+ 1-0

[Event "FRA T.IV"]
[Site "Toulouse"]
[Date "2005.01.09"]
[Round "4"]
[White "Huchet, Francois"]
[Black "Dervieux, Dominique"]
[Result "1/2-1/2"]
[WhiteElo "2080"]
[BlackElo "1910"]
[PlyCount "66"]
[EventDate "2005.??.??"]
[EventType "team-match"]
[EventCountry "FRA"]

1. e4 d6 2. d4 Nf6 3. Nc3 Nbd7 4. Nf3 e5 5. Bc4 Be7 6. O-O O-O 7. h3 c6 8. dxe5
dxe5 9. Re1 Qc7 10. Bd2 Nc5 11. b4 Ne6 12. a3 a5 13. Rb1 Rd8 14. Bd3 axb4 15.
axb4 Nd4 16. Nxd4 Rxd4 17. Ne2 Rd8 18. Qc1 Be6 19. Bc3 Ra2 20. f4 exf4 21. Nxf4
Bd7 22. e5 Nd5 23. Nxd5 cxd5 24. Bd4 Be6 25. Qd1 g6 26. Qc1 Bh4 27. Re2 Qe7 28.
Qf4 Bg5 29. Qf3 Rc8 30. c3 Raa8 31. Qf1 Bh4 32. Qf4 Bg5 33. Qf1 Bh4 1/2-1/2

[Event "FRA T.IV"]
[Site "Toulouse"]
[Date "2005.01.09"]
[Round "4"]
[White "Jacob, Claude"]
[Black "Join, Etienne"]
[Result "1-0"]
[WhiteElo "1660"]
[BlackElo "1800"]
[PlyCount "37"]
[EventDate "2005.??.??"]
[EventType "team-match"]
[EventCountry "FRA"]

1. e4 e5 2. f4 exf4 3. Nf3 Nf6 4. Nc3 Bb4 5. d3 Nc6 6. Bxf4 d5 7. exd5 Nxd5 8.
Bd2 Qe7+ 9. Be2 Ne3 10. Bxe3 Qxe3 11. Qd2 Qxd2+ 12. Kxd2 Bg4 13. Rae1 Bxc3+ 14.
Kxc3 Be6 15. Ng5 O-O-O 16. Nxe6 fxe6 17. Bg4 Rhf8 18. Rxe6 Rd5 19. Re5+ 1-0

[Event "FRA T.IV"]
[Site "Toulouse"]
[Date "2005.01.09"]
[Round "4"]
[White "Jacquart, Christian"]
[Black "Catala, Laurent"]
[Result "1/2-1/2"]
[WhiteElo "1920"]
[BlackElo "1840"]
[PlyCount "47"]
[EventDate "2005.??.??"]
[EventType "team-match"]
[EventCountry "FRA"]

1. d4 d5 2. c4 e6 3. cxd5 exd5 4. Nf3 Nf6 5. Nc3 Bf5 6. Bf4 Be7 7. e3 c6 8. Be2
O-O 9. O-O Nh5 10. Bxb8 Rxb8 11. Qa4 a6 12. b4 Nf6 13. a3 Qd6 14. Qd1 Ng4 15.
Bd3 Bg6 16. h3 Nf6 17. Bxg6 fxg6 18. Ne5 Nd7 19. f4 Nb6 20. Qd3 Bf6 21. Nb1 g5
22. Nd2 gxf4 23. exf4 Rbe8 24. Rab1 1/2-1/2

[Event "FRA T.IV"]
[Site "Toulouse"]
[Date "2005.01.09"]
[Round "4"]
[White "Lacroix, Romain"]
[Black "Casella, Laurent"]
[Result "1-0"]
[WhiteElo "2065"]
[BlackElo "2039"]
[PlyCount "81"]
[EventDate "2005.??.??"]
[EventType "team-match"]
[EventCountry "FRA"]

1. e4 c5 2. Nf3 d6 3. d4 cxd4 4. Nxd4 Nf6 5. Nc3 g6 6. Bc4 Bg7 7. h3 O-O 8. O-O
Nxe4 9. Nxe4 d5 10. Nb5 a6 11. Qxd5 Qxd5 12. Bxd5 axb5 13. c3 Nc6 14. Bg5 e6
15. Bb3 f6 16. Bf4 Na5 17. Nd6 Bd7 18. Bc2 Bc6 19. Rfd1 e5 20. Be3 Rfd8 21. Bb6
Rd7 22. b4 Nc4 23. Bb3 Kf8 24. Nxc4 bxc4 25. Bxc4 Rxd1+ 26. Rxd1 Ba4 27. Rd6
Ke8 28. Bc5 Rc8 29. Bd5 Rc7 30. Re6+ Kd7 31. Re7+ Kd8 32. Re6 f5 33. Bb6 Bf8
34. Rxe5 Bg7 35. Bxc7+ Kxc7 36. Re7+ Kd6 37. Rxg7 Kxd5 38. Rxb7 h5 39. Rc7 Kd6
40. Rg7 Kd5 41. Rc7 1-0

[Event "FRA T.IV"]
[Site "Toulouse"]
[Date "2005.??.??"]
[Round "4"]
[White "Lemaitre, Francois"]
[Black "Vaute, Denis"]
[Result "0-1"]
[WhiteElo "1860"]
[BlackElo "1870"]
[PlyCount "70"]
[EventDate "2005.??.??"]
[EventType "team-match"]
[EventCountry "FRA"]

1. c4 e5 2. Nc3 Nf6 3. Nf3 Nc6 4. e4 Bb4 5. d3 O-O 6. g3 Re8 7. Bg2 Nd4 8. O-O
c6 9. Nxd4 exd4 10. Ne2 c5 11. Nf4 d6 12. Rb1 Ba5 13. a3 Bc7 14. b4 Rb8 15. a4
a6 16. Ba3 b6 17. bxc5 bxc5 18. Qc2 Bd7 19. Bh3 g5 20. Bxd7 Qxd7 21. Nd5 Nxd5
22. cxd5 Ba5 23. Bc1 Rxb1 24. Qxb1 Bd8 25. Qc2 f5 26. f4 fxe4 27. fxg5 e3 28.
Qe2 Bxg5 29. Qh5 Bd8 30. Kg2 Rf8 31. Re1 Rf5 32. Qg4+ Kh8 33. Qe4 Rf2+ 34. Kg1
Qh3 35. Qh1 Ba5 0-1

[Event "FRA T.IV"]
[Site "Toulouse"]
[Date "2005.01.09"]
[Round "4"]
[White "Levieux, Pascal"]
[Black "Aspinall, John"]
[Result "1-0"]
[WhiteElo "2057"]
[BlackElo "1860"]
[PlyCount "55"]
[EventDate "2005.??.??"]
[EventType "team-match"]
[EventCountry "FRA"]

1. d4 d6 2. e4 Nf6 3. Nc3 c6 4. f4 Qa5 5. Bd3 e5 6. Nf3 Bg4 7. Be3 exf4 8. Bxf4
Qb4 9. Qd2 Bxf3 10. gxf3 Qxd4 11. O-O-O Nbd7 12. Be3 Qb4 13. Rhg1 Qa5 14. f4
O-O-O 15. Bc4 Qc7 16. Bxf7 Nb6 17. Be6+ Kb8 18. Qf2 d5 19. exd5 Nbxd5 20. Bxa7+
Ka8 21. Nxd5 Nxd5 22. Bxd5 Rxd5 23. Bb6 Qd7 24. Rxd5 cxd5 25. Qd4 Bd6 26. Rxg7
Bxf4+ 27. Qxf4 Qxg7 28. Qa4+ 1-0

[Event "FRA T.IV"]
[Site "Toulouse"]
[Date "2005.01.09"]
[Round "4"]
[White "Luneau, Gilles"]
[Black "Pfeifer, Andreas"]
[Result "1-0"]
[WhiteElo "1950"]
[BlackElo "2128"]
[PlyCount "116"]
[EventDate "2005.??.??"]
[EventType "team-match"]
[EventCountry "FRA"]

1. c4 e5 2. g3 Nf6 3. Bg2 d5 4. cxd5 Nxd5 5. Nc3 Nb6 6. Nf3 Nc6 7. O-O Be7 8.
d3 O-O 9. a3 a5 10. b3 Be6 11. Bb2 Qd7 12. Re1 f6 13. Rc1 Rfd8 14. Ne4 Qd5 15.
Nfd2 Qb5 16. Qc2 Rd7 17. Nc5 Bxc5 18. Qxc5 Qxc5 19. Rxc5 Nd8 20. Rec1 c6 21.
R5c2 Nf7 22. a4 Nd5 23. Bxd5 Bxd5 24. Ba3 Nd8 25. Nc4 Ra6 26. Bc5 Ne6 27. Be3
c5 28. Rb2 b6 29. Bd2 Nd4 30. Kf1 e4 31. dxe4 Bxe4 32. f3 Bd5 33. Kf2 f5 34.
Rc3 Re7 35. Be3 Nc6 36. Rd2 Nb4 37. Bg5 Re8 38. Ne3 Be6 39. Rd6 h6 40. Bd8 Rxd8
41. Rxd8+ Kf7 42. Rb8 Nc6 43. Rb7+ Kf6 44. Nc4 Bxc4 45. bxc4 Nd4 46. e3 Nc6 47.
Rd3 Ke6 48. Rxg7 Ne5 49. Rc3 Ra8 50. Rb7 Rd8 51. Rxb6+ Ke7 52. Ke2 h5 53. f4
Ng4 54. h3 Nf6 55. Rd3 Rxd3 56. Kxd3 Ne4 57. Rb5 Nxg3 58. Rxc5 Ke6 1-0

[Event "FRA T.IV"]
[Site "Toulouse"]
[Date "2005.??.??"]
[Round "4"]
[White "Maurage, Jacky"]
[Black "Samuel, Christian"]
[Result "0-1"]
[WhiteElo "1650"]
[BlackElo "1840"]
[PlyCount "59"]
[EventDate "2005.??.??"]
[EventType "team-match"]
[EventCountry "FRA"]

1. c4 Nf6 2. Nc3 g6 3. g3 Bg7 4. Bg2 O-O 5. Nf3 c6 6. O-O Na6 7. e4 d6 8. h3 e5
9. d3 Nc7 10. Ne1 Ne6 11. Nc2 Bd7 12. Be3 Qc8 13. Kh2 Rd8 14. Qd2 Nh5 15. Ne2
Rf8 16. d4 f5 17. exf5 Rxf5 18. g4 Rf4 19. gxh5 Rh4 20. Ng1 Nf4 21. Bxf4 exf4
22. f3 c5 23. hxg6 hxg6 24. Rad1 cxd4 25. b3 Be5 26. Nxd4 Kg7 27. Rfe1 Qc5 28.
Bf1 Rah8 29. b4 Qc8 30. Qg2 0-1

[Event "FRA T.IV"]
[Site "Toulouse"]
[Date "2005.01.09"]
[Round "4"]
[White "Nazeri, David"]
[Black "Riviere, Cedric"]
[Result "1-0"]
[WhiteElo "1949"]
[BlackElo "1900"]
[PlyCount "56"]
[EventDate "2005.??.??"]
[EventType "team-match"]
[EventCountry "FRA"]

1. d4 Nf6 2. c4 g6 3. Nc3 Bg7 4. e4 d6 5. f3 O-O 6. Be3 e5 7. Nge2 exd4 8. Nxd4
a6 9. Qd2 c5 10. Nde2 Nc6 11. O-O-O Ne8 12. Kb1 Be6 13. Nf4 Nd4 14. Nxe6 fxe6
15. h4 h5 16. Ne2 Nc6 17. Bg5 Qd7 18. Rg1 b5 19. Nf4 Ne5 20. Qc2 b4 21. Be2 Nf7
22. Nxg6 Nxg5 23. Nxf8 Kxf8 24. hxg5 Bd4 25. Rh1 Ng7 26. f4 Qf7 27. g3 a5 28.
g4 Ke7 1-0

[Event "FRA T.IV"]
[Site "Toulouse"]
[Date "2005.01.09"]
[Round "4"]
[White "Nivat, Alain"]
[Black "Purcell, Brendan"]
[Result "0-1"]
[WhiteElo "1893"]
[BlackElo "1950"]
[PlyCount "86"]
[EventDate "2005.??.??"]
[EventType "team-match"]
[EventCountry "FRA"]

1. e4 e5 2. Nf3 d6 3. d4 Nf6 4. Nc3 Nbd7 5. Bc4 Be7 6. O-O O-O 7. Qe2 c6 8. a4
b6 9. Rd1 Qc7 10. Bg5 a6 11. h3 Bb7 12. Nh4 g6 13. Bh6 Rfe8 14. Bxf7+ Kxf7 15.
Qc4+ d5 16. exd5 b5 17. axb5 Nb6 18. Qb3 Nfxd5 19. bxc6 Qxc6 20. Nf3 Bf6 21.
dxe5 Bxe5 22. Nxd5 Nxd5 23. Ra5 Rad8 24. c4 Qc7 25. Raxd5 Bxd5 26. cxd5 Qd6 27.
Nxe5+ Kg8 28. Nf3 Rb8 29. Qa4 Rbd8 30. Ne5 Qxe5 31. d6 Re6 32. Qb4 Rexd6 33.
Rxd6 Qxd6 34. Qc4+ Kh8 35. Qc3+ Qd4 36. Qc1 Qd1+ 37. Kh2 Qxc1 38. Bxc1 Rd3 39.
g4 Kg7 40. Be3 Kf6 41. Bc5 Rd2 42. b4 Rc2 43. h4 a5 0-1

[Event "FRA T.IV"]
[Site "Toulouse"]
[Date "2005.??.??"]
[Round "4"]
[White "Noally, Thibault"]
[Black "Vuitton, Gilles"]
[Result "1/2-1/2"]
[WhiteElo "2075"]
[BlackElo "2220"]
[PlyCount "94"]
[EventDate "2005.??.??"]
[EventType "team-match"]
[EventCountry "FRA"]

1. c4 f5 2. Nc3 Nf6 3. g3 e6 4. Bg2 Bb4 5. a3 Bxc3 6. dxc3 O-O 7. Nf3 Nc6 8.
O-O d6 9. Nd4 Ne7 10. Bg5 e5 11. Nc2 h6 12. Bxf6 Rxf6 13. Ne3 c6 14. c5 d5 15.
Nc4 Qc7 16. Nd2 f4 17. c4 Be6 18. b4 Raf8 19. cxd5 cxd5 20. Qb3 e4 21. Qc3 Nc6
22. Nb3 f3 23. exf3 exf3 24. Bh1 Qe5 25. Qxe5 Nxe5 26. Nd4 Bh3 27. Rfe1 Nc6 28.
Nb3 g5 29. Rad1 Be6 30. b5 Nd8 31. Nd4 g4 32. Nxe6 Rxe6 33. Rxe6 Nxe6 34. Rxd5
Rd8 35. Rxd8+ Nxd8 36. Kf1 Kf7 37. Ke1 Ke6 38. Kd2 Kd5 39. Ke3 h5 40. h3 Ne6
41. hxg4 hxg4 42. c6 bxc6 43. bxc6 Ke5 44. Kd3 Nc7 45. Ke3 Ne6 46. Kd3 Nc7 47.
Ke3 Ne6 1/2-1/2

[Event "FRA T.IV"]
[Site "Toulouse"]
[Date "2005.01.09"]
[Round "4"]
[White "Oriot, Patrice"]
[Black "Mazot, Liberto"]
[Result "1-0"]
[WhiteElo "2110"]
[BlackElo "1830"]
[PlyCount "65"]
[EventDate "2005.??.??"]
[EventType "team-match"]
[EventCountry "FRA"]

1. e4 d5 2. exd5 Qxd5 3. Nc3 Qd6 4. d4 Nf6 5. Be2 a6 6. Be3 Nc6 7. h3 Bf5 8. a3
O-O-O 9. Nf3 e5 10. dxe5 Nxe5 11. Qxd6 Bxd6 12. O-O-O Nxf3 13. Bxf3 Be5 14. Nd5
Nxd5 15. Bxd5 f6 16. f4 Bd6 17. g4 Rhe8 18. Bd2 Be4 19. Bxe4 Rxe4 20. Rde1 Rde8
21. Kd1 Kd7 22. Rxe4 Rxe4 23. Re1 Rd4 24. Rf1 Re4 25. Rf3 Ke7 26. Be3 Ke6 27.
Kd2 f5 28. Kd3 g6 29. c4 c5 30. Rf1 b5 31. b3 bxc4+ 32. bxc4 fxg4 33. Kxe4 1-0

[Event "FRA T.IV"]
[Site "Toulouse"]
[Date "2005.01.09"]
[Round "4"]
[White "Rouede, Gilbert"]
[Black "Berthelot, Nathan"]
[Result "1-0"]
[WhiteElo "1842"]
[BlackElo "1660"]
[PlyCount "62"]
[EventDate "2005.??.??"]
[EventType "team-match"]
[EventCountry "FRA"]

1. e4 d6 2. d4 Nf6 3. Nc3 g6 4. Be3 Bg7 5. f3 O-O 6. Qd2 Re8 7. O-O-O c6 8. g4
d5 9. e5 Nfd7 10. h4 Nf8 11. h5 Nbd7 12. hxg6 fxg6 13. Nge2 e6 14. f4 b6 15.
Ng3 Rb8 16. f5 gxf5 17. gxf5 exf5 18. Nxf5 Ne6 19. Nxg7 Nxg7 20. Bd3 Nf8 21.
Bg5 Qc7 22. Bf6 Bf5 23. Bxf5 Nxf5 24. Qg5+ Ng7 25. Rdg1 Rb7 26. Qh5 Qb8 27. Qh6
Ree7 28. Bxe7 Rxe7 29. Qxc6 Qb7 30. Qxd5+ Qxd5 31. Nxd5 Rd7 1-0

[Event "FRA T.IV"]
[Site "Toulouse"]
[Date "2005.01.09"]
[Round "4"]
[White "Sangoi, Jean Jacques"]
[Black "Josserand, Pascal"]
[Result "0-1"]
[WhiteElo "1780"]
[BlackElo "1880"]
[PlyCount "78"]
[EventDate "2005.??.??"]
[EventType "team-match"]
[EventCountry "FRA"]

1. d4 Nf6 2. c4 e5 3. d5 Bc5 4. Nc3 a5 5. g3 d6 6. Bg2 O-O 7. Nh3 Bg4 8. O-O h6
9. Qd3 Qd7 10. Nf4 exf4 11. Bxf4 Bh3 12. e4 Bxg2 13. Kxg2 Re8 14. Rae1 Ng4 15.
b3 Ne5 16. Qc2 Na6 17. Bxe5 Rxe5 18. f4 Rh5 19. f5 Qe7 20. Qe2 g6 21. Qf3 Bb4
22. Re3 Bxc3 23. Rxc3 Re8 24. Re3 Nc5 25. Rfe1 Nd7 26. h3 Ne5 27. Qf2 gxf5 28.
exf5 Qf6 29. g4 Rg5 30. Rg3 Kh7 31. Qa7 Reg8 32. Qxb7 h5 33. Qxc7 h4 34. Rge3
Qxf5 35. Kh1 Nxg4 36. hxg4 Qxg4 37. Qxf7+ R5g7 38. Qxg8+ Rxg8 39. Re7+ Kh8 0-1

[Event "FRA T.IV"]
[Site "Toulouse"]
[Date "2005.01.09"]
[Round "4"]
[White "Schegerin, Andre"]
[Black "Marty, Damien"]
[Result "0-1"]
[WhiteElo "1840"]
[BlackElo "1980"]
[PlyCount "70"]
[EventDate "2005.??.??"]
[EventType "team-match"]
[EventCountry "FRA"]

1. f4 d5 2. Nf3 Nf6 3. g3 c5 4. Bg2 Bf5 5. d3 Nc6 6. O-O Qd7 7. c3 h6 8. Qa4
Bh3 9. b4 Bxg2 10. Kxg2 cxb4 11. cxb4 b5 12. Qb3 e6 13. a3 d4 14. e4 Be7 15.
Ra2 O-O 16. Rc2 a5 17. Rxc6 Qxc6 18. Nxd4 Qb7 19. bxa5 Rfd8 20. Nxb5 Rac8 21.
Kf3 Nd5 22. a6 Qxa6 23. exd5 Rxd5 24. a4 Qb7 25. Ke2 Rdc5 26. Be3 Rc2+ 27. Nd2
Qg2+ 28. Rf2 Qh1 29. Rf1 Qxh2+ 30. Bf2 Qh5+ 31. Ke3 Bc5+ 32. d4 Bxd4+ 33. Kd3
Qg6+ 34. Kxd4 Rd8+ 35. Ke3 Rcxd2 0-1

[Event "FRA T.IV"]
[Site "Toulouse"]
[Date "2005.01.09"]
[Round "4"]
[White "Tareyre, Pascal"]
[Black "Dirat, Sylvain"]
[Result "1-0"]
[WhiteElo "1865"]
[BlackElo "1740"]
[PlyCount "47"]
[EventDate "2005.??.??"]
[EventType "team-match"]
[EventCountry "FRA"]

1. e4 e5 2. f4 exf4 3. Nf3 d6 4. Bc4 Be7 5. O-O c5 6. d4 Nf6 7. Nc3 Nc6 8. Bxf4
cxd4 9. Nb5 Bg4 10. c3 a6 11. Nbxd4 Bxf3 12. Qxf3 Nxd4 13. cxd4 Qb6 14. Be3 O-O
15. e5 dxe5 16. dxe5 Bc5 17. exf6 Bxe3+ 18. Kh1 g6 19. Rae1 Bg5 20. Re7 Qxb2
21. Rxb7 Qd4 22. Qb3 Ra7 23. Bxf7+ Kh8 24. Bxg6 1-0

[Event "FRA T.IV"]
[Site "Toulouse"]
[Date "2005.01.09"]
[Round "4"]
[White "Touvron, Fabrice"]
[Black "Nazeri, Massoud"]
[Result "1-0"]
[WhiteElo "1868"]
[BlackElo "1958"]
[PlyCount "99"]
[EventDate "2005.??.??"]
[EventType "team-match"]
[EventCountry "FRA"]

1. c4 e5 2. Nc3 Nc6 3. Nf3 f5 4. d4 e4 5. Bg5 Be7 6. Bxe7 Qxe7 7. Nd2 Nxd4 8.
Ndxe4 fxe4 9. Qxd4 Nf6 10. e3 O-O 11. Be2 d6 12. h3 Bf5 13. O-O-O Rfd8 14. Nd5
Qf7 15. Nxf6+ Qxf6 16. Qxf6 gxf6 17. Rd5 Be6 18. Rd4 f5 19. Rhd1 Rd7 20. f3 Rg7
21. g4 fxg4 22. fxg4 b5 23. Rxe4 Bxc4 24. Bxc4+ bxc4 25. Rxc4 Rf8 26. Rf4 Re8
27. Rdf1 Rge7 28. Rc4 d5 29. Rc5 Rxe3 30. Rxc7 Rxh3 31. Rxa7 Rc8+ 32. Kb1 d4
33. Rd7 d3 34. Rd1 Rg3 35. Rd4 Kf7 36. R1xd3 Rg1+ 37. Rd1 Rxd1+ 38. Rxd1 Rc4
39. Rg1 Kf6 40. b3 Rb4 41. Kb2 Rb5 42. a4 Rg5 43. b4 Kg7 44. a5 Rg6 45. Kb3 h5
46. Kc4 hxg4 47. b5 Kf6 48. a6 Ke5 49. a7 Rg8 50. b6 1-0